01090nam a22002177a 450000500170000000800410001705000200005824500800007825000110015826000740016930000240024350400270026750503050029465000260059970000430062570000400066870000350070870000420074370000430078570000440082820241108123621.0230811b mx |||||||| |||| 00| 0 spa d04aRA451bC54 197900aCiencias de la saludc / colaboradores Enrique Montes García,...[et al.]. a1a ed. aMéxico : bColegio de Bachilleres :bPublicaciones Cultural,c1979. av. :bil. ;c26 cm. aIncluye bibliografía1 tV. 1 Introducción al estudio de la salud r / Alfonso Quiñones Valenzuela --tV. 2 Funciones y estructuras del hombrer / Rafael A. Sánchez Alavez --tV. 4 El ambiente en las alteraciones de la saludr / Alfonso Quiñones Valenzuela --tV. 5 Atención para la saludr / Rebeca Sandoval Silva. 72lembaSalud pública1 aQuiñones Valenzuela, Alfonso,eautor1 aSánchez Alavez, Rafael A.,eautor1 aSandoval Silva, Rebeca,eautor1 aMontes García, Enriqueecolaborador1 aFalcón Medina, Rodolfo,ecolaborador1 aRamos González, Vicente,ecolaborador